[Event "69th ch-BUL"]
[Site "Pleven BUL"]
[Date "2005.06.01"]
[Round "11"]
[White "Kozhuharov,S"]
[Black "Grigorov,G"]
[Result "1/2-1/2"]
[WhiteElo "2375"]
[BlackElo "2361"]
[EventDate "2005.05.23"]

1. e4 c5 2. Nc3 d6 3. Nf3 Nf6 4. d4 cxd4 5. Nxd4 a6 6. Be3 Ng4 7. Bc1 Nf6
8. Bg5 e6 9. f4 Be7 10. Qf3 h6 11. Bh4 Qc7 12. O-O-O Nbd7 13. Bd3 g5 14.
fxg5 Ne5 15. Qe2 Nfg4 16. Nf3 Nxf3 17. gxf3 hxg5 18. Bg3 Ne5 19. f4 gxf4
20. Bxf4 Bd7 21. Rdf1 Rh7 22. h4 O-O-O 23. h5 Rdh8 24. Kb1 Bf8 25. Nd1 Bh6
26. Ne3 Bxf4 27. Rxf4 Bc6 28. Rfh4 Rh6 29. Ng4 Nxg4 30. Qxg4 f5 31. Qg5
1/2-1/2

[Event "69th ch-BUL"]
[Site "Pleven BUL"]
[Date "2005.06.02"]
[Round "12"]
[White "Chatalbashev,B"]
[Black "Nikolov,Sas"]
[Result "0-1"]
[WhiteElo "2499"]
[BlackElo "2394"]
[EventDate "2005.05.23"]

1. d4 Nf6 2. Nf3 g6 3. Nc3 d5 4. Bf4 Bg7 5. e3 O-O 6. Be2 c5 7. Ne5 cxd4 8.
exd4 Nc6 9. O-O Bf5 10. Re1 Rc8 11. Nxc6 Rxc6 12. Bf3 Qd7 13. Be5 Rfc8 14.
Bxf6 Bxf6 15. Nxd5 Bxc2 16. Qe2 Re6 17. Qd2 Bf5 18. Rxe6 Qxe6 19. Re1 Qd6
20. g4 Be6 21. Nxf6+ exf6 22. d5 Bd7 23. Kg2 Kg7 24. Qd4 b6 25. h4 h6 26.
h5 g5 27. a3 Re8 28. Rxe8 Bxe8 29. Be4 Bd7 30. f3 Kf8 31. Kf2 Ke7 32. Ke3
Qf4+ 33. Kd3 Bb5+ 34. Kc2 Qc7+ 35. Kb3 Qc5 36. Qc3 a5 37. Qxc5+ bxc5 38.
Kc3 Kd6 39. b4 cxb4+ 40. axb4 axb4+ 41. Kxb4 Be2 42. Kc3 f5 43. gxf5 f6 44.
Kd4 Bb5 45. Bc2 Be8 46. f4 g4 47. Ke3 Bxh5 48. Bd1 Kxd5 49. Be2 Kc5 50. Bd1
Kc4 51. Be2+ Kc3 52. Bf1 Be8 53. Kf2 Bd7 54. Kg3 Bxf5 55. Bb5 Kd4 56. Be8
Be6 57. Bg6 f5 58. Be8 Kd5 59. Kh4 Kd6 60. Kg3 Ke7 61. Bg6 Kf6 62. Be8 Bf7
63. Bd7 Bg6 64. Bc8 Ke7 65. Ba6 Kd6 66. Bc4 Kc5 67. Bb3 Kd4 68. Ba4 Ke3 69.
Bc2 h5 70. Bd1 Bh7 71. Bb3 h4+ 72. Kxh4 Kxf4 73. Bd5 Bg6 74. Bc6 g3 75. Kh3
Bh5 76. Bd7 Bg4+ 77. Kg2 Bf3+ 78. Kh3 Be4 0-1

[Event "69th ch-BUL"]
[Site "Pleven BUL"]
[Date "2005.06.02"]
[Round "12"]
[White "Panbukchian,V"]
[Black "Cheparinov,I"]
[Result "0-1"]
[WhiteElo "2340"]
[BlackElo "2621"]
[EventDate "2005.05.23"]

1. e4 c5 2. Nf3 d6 3. Bc4 Nf6 4. d3 Nc6 5. c3 a6 6. Bb3 Bg4 7. Nbd2 e6 8.
h3 Bh5 9. Nf1 d5 10. exd5 Nxd5 11. Ng3 Bg6 12. O-O Nb6 13. Ne4 Be7 14. Qe2
O-O 15. Be3 Nd7 16. Rad1 Qc7 17. Bg5 Bxg5 18. Nexg5 h6 19. Ne4 Rad8 20. Rd2
Bh5 21. Ng3 Bxf3 22. Qxf3 Nf6 23. Rfd1 Rd7 24. Ne2 Rfd8 25. Qe3 Ne7 26. g4
Nfd5 27. Qe4 Ng6 28. Qf3 Ndf4 29. d4 Nxe2+ 30. Qxe2 cxd4 31. cxd4 Qf4 32.
d5 Ne7 33. Rd4 Qf6 34. d6 Nc8 35. Qc2 Nxd6 36. Ba4 b5 37. Bb3 Qf3 38. R1d3
Qb7 39. Qd2 Qb6 40. g5 Ne4 41. Rxd7 Rxd7 42. Qe3 Qxe3 43. Rxe3 Nxg5 44. f4
Nh7 45. Rxe6 fxe6 46. Bxe6+ Rf7 0-1

[Event "69th ch-BUL"]
[Site "Pleven BUL"]
[Date "2005.06.02"]
[Round "12"]
[White "Grigorov,G"]
[Black "Radulski,J"]
[Result "1/2-1/2"]
[WhiteElo "2361"]
[BlackElo "2502"]
[EventDate "2005.05.23"]

1. d4 d5 2. Nf3 e6 3. c4 Nf6 4. Nc3 Nbd7 5. Bg5 Be7 6. e3 O-O 7. Rc1 a6 8.
c5 c6 9. Bd3 e5 10. dxe5 Ne8 11. Bxe7 Qxe7 12. Qc2 g6 13. e4 Nxe5 14. Nxe5
Qxe5 15. O-O Nf6 16. exd5 Ng4 17. g3 Qh5 18. h4 cxd5 19. Qe2 Be6 20. Rfe1
Rad8 21. Qf3 Kg7 22. Qf4 d4 23. Ne4 Qf5 24. Qxf5 Bxf5 25. Bf1 Ne5 26. Nd2
Rfe8 27. f4 Nc6 28. a3 d3 29. Rxe8 Rxe8 30. Kf2 Nd4 31. Rc3 Nc2 32. Bxd3
Rd8 33. Rxc2 Rxd3 34. Nc4 Be4 35. Rc3 Rxc3 36. bxc3 h5 37. Ke3 Bh1 38. Kd4
Kf6 39. Ne3 Ke6 40. c4 Bf3 41. Kc3 Bh1 42. Kd3 1/2-1/2

[Event "69th ch-BUL"]
[Site "Pleven BUL"]
[Date "2005.06.02"]
[Round "12"]
[White "Ninov,N"]
[Black "Kozhuharov,S"]
[Result "1-0"]
[WhiteElo "2486"]
[BlackElo "2375"]
[EventDate "2005.05.23"]

1. e4 c5 2. Nf3 d6 3. d4 cxd4 4. Nxd4 Nf6 5. Nc3 g6 6. Be3 Bg7 7. f3 O-O 8.
Qd2 Nc6 9. Bc4 Bd7 10. O-O-O Rc8 11. Bb3 Nxd4 12. Bxd4 b5 13. Bxa7 b4 14.
Nd5 Nxd5 15. exd5 Qa5 16. Qe3 Ba4 17. Bd4 Bxb3 18. Qxb3 Ra8 19. Rhe1 Rfe8
20. Bxg7 Kxg7 21. Re4 Qxa2 22. Qxa2 Rxa2 23. Rxb4 Rc8 24. c3 Ra1+ 25. Kc2
Rxd1 26. Kxd1 Ra8 27. Kc2 Ra1 28. Re4 Kf6 29. Rf4+ Kg7 30. b4 Ra2+ 31. Kb3
Rxg2 32. b5 Rg1 33. Ka2 Rg2+ 34. Ka3 Rg1 35. b6 1-0

[Event "69th ch-BUL"]
[Site "Pleven BUL"]
[Date "2005.06.02"]
[Round "12"]
[White "Dochev,D"]
[Black "Raev,R"]
[Result "1/2-1/2"]
[WhiteElo "2357"]
[BlackElo "2338"]
[EventDate "2005.05.23"]

1. e4 c5 2. Nf3 Nc6 3. d4 cxd4 4. Nxd4 g6 5. c4 Bg7 6. Be3 Nf6 7. Nc3 O-O
8. Be2 d6 9. O-O Bd7 10. Qd2 Rc8 11. f3 Re8 12. Rfd1 a6 13. Rac1 Nxd4 14.
Bxd4 Bc6 15. b4 b6 16. Bf1 Nd7 17. Be3 a5 18. a3 axb4 19. axb4 Ra8 20. Qf2
Qb8 21. Nd5 Bxd5 22. cxd5 b5 23. Qe2 Ra3 24. Bf2 Ne5 25. Bd4 Rb3 26. Qd2
Rc8 27. Rxc8+ 1/2-1/2

[Event "69th ch-BUL"]
[Site "Pleven BUL"]
[Date "2005.06.02"]
[Round "12"]
[White "Iotov,V"]
[Black "Petkov,V"]
[Result "1-0"]
[WhiteElo "2433"]
[BlackElo "2463"]
[EventDate "2005.05.23"]

1. d4 Nf6 2. c4 c5 3. d5 b5 4. cxb5 a6 5. b6 a5 6. Nc3 Ba6 7. e4 Bxf1 8.
Kxf1 d6 9. Nf3 Nbd7 10. Qa4 Qxb6 11. e5 dxe5 12. Nxe5 Rd8 13. Bg5 Qxb2 14.
Rc1 Qb4 15. Qc6 Qb8 16. Nb5 Nxd5 17. Rxc5 Qb6 18. Rxd5 Qxc6 19. Nxc6 Rc8
20. Nxa5 f6 21. Be3 e6 22. Nd6+ Bxd6 23. Rxd6 Ke7 24. Rd1 Rc2 25. Ra1 h5
26. Nb3 e5 27. Nd2 f5 28. Bg5+ Ke6 29. Ke2 Rhc8 30. g3 f4 31. Rhd1 Kf5 32.
h4 Nc5 33. Kf3 Nd3 34. Ne4 R8c3 35. Rd2 Nxf2+ 36. Nxc3 Rxd2 37. gxf4 Ng4
38. Nb5 exf4 39. Bxf4 Rd3+ 40. Ke2 Rh3 41. Bg5 Ke4 42. Kd2 Kd5 43. a4 Kc4
44. Nd6+ Kb4 45. a5 Ne5 46. a6 1-0

[Event "69th ch-BUL"]
[Site "Pleven BUL"]
[Date "2005.06.03"]
[Round "13"]
[White "Cheparinov,I"]
[Black "Grigorov,G"]
[Result "1/2-1/2"]
[WhiteElo "2621"]
[BlackElo "2361"]
[EventDate "2005.05.23"]

1. e4 c5 2. Nf3 d6 3. d4 cxd4 4. Nxd4 Nf6 5. Nc3 a6 6. Be3 e6 7. f3 b5 8.
g4 Bb7 9. Qd2 Nfd7 10. a4 bxa4 11. Rxa4 Be7 12. g5 O-O 13. h4 Nb6 14. Ra1
d5 15. Nb3 Nc6 16. Qf2 Nc4 17. Bxc4 dxc4 18. Nc5 Qc7 19. f4 Nb4 20. Kd1
Rac8 21. N5a4 f5 22. gxf6 1/2-1/2

[Event "69th ch-BUL"]
[Site "Pleven BUL"]
[Date "2005.06.03"]
[Round "13"]
[White "Radulski,J"]
[Black "Ninov,N"]
[Result "0-1"]
[WhiteElo "2502"]
[BlackElo "2486"]
[EventDate "2005.05.23"]

1. e4 c5 2. Nf3 d6 3. d4 Nf6 4. Nc3 cxd4 5. Nxd4 a6 6. Bg5 Nbd7 7. f4 b5 8.
a4 b4 9. Nd5 Bb7 10. Bxf6 Nxf6 11. Nxf6+ gxf6 12. Qh5 Qb6 13. O-O-O Qc5 14.
Qh3 Bxe4 15. Bd3 f5 16. Rhe1 Bg7 17. Bxe4 fxe4 18. Nf5 Bf6 19. Rxe4 d5 20.
Re3 h5 21. g4 hxg4 22. Qxg4 Rxh2 23. Rd2 Rh1+ 24. Rd1 Rxd1+ 25. Kxd1 e6 26.
Qg8+ Qf8 27. Rxe6+ fxe6 28. Qxe6+ Kd8 29. Qb6+ Kd7 30. Qb7+ Ke6 31. Ne3 Rd8
32. f5+ Ke5 33. Qxa6 Qg8 34. Ke2 d4 35. Qa5+ Kf4 36. Qc7+ Be5 0-1

[Event "69th ch-BUL"]
[Site "Pleven BUL"]
[Date "2005.06.03"]
[Round "13"]
[White "Raev,R"]
[Black "Bojkov,D"]
[Result "0-1"]
[WhiteElo "2338"]
[BlackElo "2509"]
[EventDate "2005.05.23"]

1. Nf3 g6 2. g3 Bg7 3. Bg2 e5 4. d3 d5 5. O-O Ne7 6. Nbd2 O-O 7. e4 c6 8.
Re1 Qc7 9. c3 dxe4 10. dxe4 Rd8 11. Qc2 Nd7 12. b3 Nc5 13. Ba3 Ne6 14. Rad1
b5 15. Nf1 Bb7 16. Ne3 c5 17. c4 Nd4 18. Qb1 f5 19. Nd5 Nxd5 20. exd5 Rab8
21. Qc1 e4 22. Ng5 Qe7 23. h4 Be5 24. Qd2 b4 25. Bb2 Qf6 26. Rb1 h6 27. Nh3
Qg7 28. Nf4 Rd6 29. Ne2 a5 30. Red1 Nxe2+ 31. Qxe2 Rc8 32. Re1 Rc7 33. Qd2
Kh7 34. Kh2 Bc8 35. Re2 Bd7 36. Rbe1 Bxb2 37. Qxb2 a4 38. Kg1 Qxb2 39. Rxb2
Kg7 40. Rbe2 Rc8 41. f3 exf3 42. Bxf3 Kf8 43. Kf2 Re8 44. Rxe8+ Bxe8 45.
Ke3 g5 46. Bd1 axb3 47. axb3 Ra6 48. Bc2 Bg6 49. Kf3 Kf7 50. hxg5 hxg5 51.
Rh1 Ra2 52. Bd1 Rd2 53. Ke3 Rg2 54. Kf3 Rb2 55. Ke3 Kf6 56. Re1 Rh2 57. Bf3
Ke7 58. Kd3+ Kd7 59. Re6 Bh7 60. Ke3 g4 61. Bd1 Rh1 62. Ke2 f4 63. gxf4 g3
64. Kf3 Rxd1 65. Kxg3 Bc2 66. Re3 Rd3 0-1